Il discorso dell'Altro : la costruzione delle identità omosessuali nella narrativa polacca del novecento /

Uloženo v:
Podrobná bibliografie
Hlavní autor: Amenta, Alessandro
Médium: Kniha
Jazyk:italština
Vydáno: Roma : Nuova Editrice Universitaria, 2008
Edice:Studi e ricerche. Letterature
Tagy: Přidat tag
Žádné tagy, Buďte první, kdo vytvoří štítek k tomuto záznamu!

MARC

LEADER 00000nam a22000001i 4500
001 IT\ICCU\UTO\1088319
003 ItRI
005 20260115232201.0
008 091130s2008 it |||||| ||||| |||||c
020 |a 9788895155340 
040 |b ita  |c importazione bologna sebina 
041 7 |a ita  |2 ISO-639-2 
100 1 |a Amenta, Alessandro  |0 IT\ICCU\USMV\790417 
245 1 3 |a Il discorso dell'Altro :  |b la costruzione delle identità omosessuali nella narrativa polacca del novecento /  |c Alessandro Amenta. 
260 |a Roma :  |b Nuova Editrice Universitaria,  |c 2008 
300 |a 169 p. ;  |c 24 cm 
830 0 |a Studi e ricerche. Letterature  |0 IT\ICCU\USM\1834872 
942 |2 ddc  |c BK  |n 0 
952 |0 0  |1 0  |4 0  |6 DOC_891_850000000000000_AME  |7 0  |9 21554  |a BO  |b BO  |d 2026-01-15  |i 17362  |l 0  |o DOC 891.85 AME  |p BO17362  |r 2026-01-15 23:22:01  |w 2026-01-15  |x [Sebina 5] [1 v.]  |y BK  |z 1 v. 
999 |c 18404  |d 18404